header

Rainbow Magic: Amber the Orange Fairy (Record no. 260645)

MARC details
000 -LEADER
fixed length control field 00230nam a22000977a 4500
020 ## - INTERNATIONAL STANDARD BOOK NUMBER
ISBN 0439691907
100 ## - MAIN ENTRY--AUTHOR NAME
Personal name Daisy Meadows
245 ## - TITLE STATEMENT
Title Rainbow Magic: Amber the Orange Fairy
260 ## - PUBLICATION, DISTRIBUTION, ETC. (IMPRINT)
Place of publication New York
Name of publisher Scholastic
Year of publication 2003
942 ## - ADDED ENTRY ELEMENTS (KOHA)
Koha item type Long Loan Books
Holdings
Withdrawn status Lost status Collection code Home library Current library Shelving location Date acquired Accession Number Koha item type
    Fiction Rongo University Library Rongo University Library Children's Area 13/09/2023 CL2021073 Long Loan Books

© 2026 Rongo University
Contact us: librarian | system librarian | Rongo university